000 00898nam a22002417a 4500
005 2010080606246.0
010 _aENG-98597
020 _a8189630105
_c495.00
020 _a9798189630101
_c495.00
035 _aEN-82130
037 _bDBAD/PUB
082 _a658.848
100 _aPandu, A.
_910925
245 _aGlobal marketing management /
_cby A. Pandu
260 _aNew Delhi
_bGlobal Research Publications
_c2008
270 _a4800/24, Ist Floor, Ansari Roads Daryaganj
_bNew Delhi
_e110002
300 _a156p.
_c22cm (Hb)
500 _aIncludes bibliographical references
650 _aExport makerting management
_910926
650 _aInternational Business enterprises management
_910927
942 _2ddc
_cEN
_h658.848
_mPAN
999 _c39862
_d39862